00441nam a2200133Ia 4500100001300000942000700013654001600020245005900036260005000095082001300145546001200158999001700170952012000187 aSieflex  cBK aEngineering aEngineering Industry & Technology : Survey 1991-92 bSIEFLEX : Automation & RoboticsaMadrasc1992 a620bPAN aENGLISH c26276d26276 001040708CRCaCRCEbCRCEd2023-03-17eglobal booksg400.00l0o620 PANp6755r2023-03-17v400.00w2023-03-17yBK